00319nam a2200121Ia 4500003000400000005001700004008004100021020001800062040001900080100001800099245005500117260002500172OSt20231218064646.0170524s9999 xx 000 0 und d a9788184350586 cIIMT UNIVERSIY aGOSH- SUBRATO 0aMODERN TRENDS IN JOURNALISM AND MASS COMMUNICATION bNew Delhi : Adhiyaya